000 00872nam a2200229 a 4500
001 49340
003 BD-RjUL
005 20211209054651.0
008 160820s1962 bg ||||| |||| 00| 0 ben d
020 _c: PRs. 1.00
035 _a(BD-RjUL)49459
040 _aBD-RjUL
_bben
_cBD-RjUL
041 _aben
082 _223
_a491.441
_bCHB 1962
100 1 _aচৌধুরী, মোফাজ্জল হায়দার
_9148176
245 1 0 _aবাঙলা বানান ও লিপি সংস্কার /
_cমোফাজ্জল হায়দার চৌধুরী
260 _aঢাকা :
_bবাঙলা একাডেমী,
_c১৯৬২ (১৩৬৮)
300 _a[৪], ৩৩-৭৮ পৃ. ;
_c২৩ সেমি.
650 _aবাংলা ব্যাকরণ
_9121623
650 _aBengali Grammer
_9137171
942 _2ddc
_cBK
999 _c49340
_d49340